|
|
|
|
| LEADER |
01154nam a2200349 a 4500 |
| 001 |
000585479 |
| 003 |
CZ BrMZK |
| 005 |
20201019213130.0 |
| 007 |
ta |
| 008 |
020130s2002 xr g f cze d |
| 015 |
|
|
|a cnb001065232
|
| 020 |
|
|
|a 80-241-1168-3
|
| 035 |
|
|
|a (OCoLC)50345916
|
| 040 |
|
|
|a BOA001
|b cze
|
| 041 |
1 |
|
|a cze
|h eng
|
| 072 |
|
7 |
|a 821.111-3
|x Anglická próza, anglicky psaná
|2 Konspekt
|9 25
|
| 080 |
|
|
|a 821.111-31
|2 MRF
|
| 080 |
|
|
|a (0:82-312.5)
|2 MRF
|
| 100 |
1 |
|
|a Metcalfe, Josie
|7 jn20001005670
|4 aut
|
| 245 |
1 |
0 |
|a Doktorova svatba /
|c Josie Metcalfeová ; [překlad Jana Nová]
|
| 260 |
|
|
|a Praha :
|b Harlequin,
|c c2002
|
| 300 |
|
|
|a 160 s. ;
|c 17 cm
|
| 490 |
1 |
|
|a Lékařská romance ;
|v 26 (S 01/02)
|
| 500 |
|
|
|a Přeloženo z angličtiny
|
| 655 |
|
7 |
|a anglicky psané romány
|7 fd131805
|2 czenas
|
| 655 |
|
7 |
|a milostné romány
|7 fd132840
|2 czenas
|
| 700 |
1 |
|
|a Nová, Jana
|7 jx20060518030
|4 trl
|
| 765 |
0 |
|
|t Courting Dr Cade
|9 česky
|
| 830 |
|
0 |
|a Lékařská romance
|
| 910 |
|
|
|a BOA001
|b 1-1095.812
|
| 990 |
|
|
|a BK
|
| 996 |
6 |
|
|b 2610155816
|c 1-1095.812
|l MZK
|r Sklad / do 1 hodiny
|n 1
|p p.v.
|w 000585479
|u 000010
|a 1
|e BOA001
|j MZK50
|s P
|